Cargando…
Cronistas e historiadores de la conquista de México : el ciclo de Hernán Cortés
| Clasificación: | F1230 I4a |
|---|---|
| Autor principal: | |
| Formato: | Libro |
| Idioma: | Español |
| Publicado: |
México :
COLMEX,
1942
|
| Colección: | Centro de Estudios Históricos
Nueva Serie ; 31 Colegio de México |
| Temas: |
MARC
| LEADER | 00000nam a2900000 4500 | ||
|---|---|---|---|
| 001 | 000015921 | ||
| 005 | 20061219222100.0 | ||
| 008 | 011906s1942 000 spa d | ||
| 050 | 4 | |a F1230 |b I4a | |
| 090 | |a F1230 |b I4a | ||
| 100 | 1 | |a Iglesia, Ramón, |d 1905-1948 | |
| 245 | 1 | |a Cronistas e historiadores de la conquista de México : |b el ciclo de Hernán Cortés | |
| 260 | |a México : |b COLMEX, |c 1942 | ||
| 300 | |a 295 p. | ||
| 440 | 0 | |a Centro de Estudios Históricos | |
| 440 | 0 | |a Nueva Serie ; |v 31 | |
| 440 | 0 | |a Colegio de México | |
| 650 | 4 | |a Historiadores mexicanos | |
| 650 | 4 | |a México |x Historia |x Conquista, 1519-1540 | |
| 905 | |a LIBROS | ||
| 949 | |a Biblioteca UAM Iztapalapa |b Colección General |c F1230 I4a | ||